| 000 | 00812nam a2200253 i 4500 | ||
|---|---|---|---|
| 001 | 134962 | ||
| 003 | ES-MaACL | ||
| 005 | 20240306142524.0 | ||
| 007 | t| | ||
| 008 | 070704s1944 ag ||||1| spa d | ||
| 080 | _a329.18(430) | ||
| 080 | _a94(430)"1939/45" | ||
| 080 | _a159.922.4(430) | ||
| 100 | 1 |
_aThompson, Dorothy. _9110074 |
|
| 245 | 1 | 0 |
_aEscucha, Hans _b: un llamado al corazón alemán / _cDorothy Thompson ; traducción directa del inglés por Arturo Bray. |
| 260 |
_aBuenos Aires : _bAyacucho, _c1944. |
||
| 300 |
_a249 p. ; _c20 cm. |
||
| 650 | 4 |
_aNacionalsocialismo _915470 |
|
| 650 | 1 | 4 |
_aGuerra mundial, 1939-1945- _zAlemania. _913229 |
| 650 | 1 | 4 |
_aAlemanes- _xPsicología. _99714 |
| 700 | 1 |
_aBray, Arturo. _931515 |
|
| 852 |
_aES-MaACL _jB-10788 _bR.24416 |
||
| 999 |
_c134962 _d134962 |
||